| 000 | 00452nam a2200145 4500 | ||
|---|---|---|---|
| 082 | 0 | 0 |
_a660.29 _bROC _cL-12, P-14 |
| 100 | 1 |
_aRock, Peter A., _944743 |
|
| 245 | 1 | 0 |
_aChemical thermodynamics; principles and applications _c[by] Peter A. Rock. |
| 260 |
_a[New York] _bMacmillan _c[1969] |
||
| 300 |
_axiv, 508 p. _billus. _c24 cm. |
||
| 526 |
_a0 _b0 _c0 _d660_290000000000000_ROC |
||
| 650 | 0 |
_aMCE _9379 |
|
| 650 | 0 |
_aThermodynamics. _97134 |
|
| 942 |
_2ddc _cBK |
||
| 999 |
_c548447 _d548447 |
||